[Event "Titled Tue 17th Jun Late"]
[Site "chess.com INT"]
[Date "2025.06.17"]
[Round "3"]
[White "Cernov, Henrik"]
[Black "Zou, Chen"]
[Result "1-0"]
[WhiteTitle "FM"]
[BlackTitle "IM"]
[WhiteElo "2325"]
[BlackElo "2443"]
[WhiteFideId "16258312"]
[BlackFideId "8610959"]
[EventDate "2025.06.17"]

1. e4 e5 2. Nc3 Nf6 3. d4 exd4 4. Qxd4 Nc6 5. Qd3 Bb4 6. Bd2 d6 7. O-O-O Be6 8.
Nge2 Qe7 9. f4 O-O-O 10. Nd5 Bxd2+ 11. Qxd2 Bxd5 12. exd5 Ne4 13. Qe3 Nb4 14.
Qxa7 Nc5 15. Nd4 Qe3+ 16. Kb1 Nba6 17. Bb5 Nb8 18. Rhe1 Qxf4 19. Bc6 bxc6 20.
dxc6 Rhe8 21. Rxe8 Rxe8 22. b4 Qg4 23. Rd2 Re1+ 24. Kb2 Qf4 25. bxc5 Qxd2 26.
Qb7+ Kd8 27. Qxb8+ Ke7 28. Qxc7+ Kf6 29. Qxd6+ Re6 30. Nxe6 Qb4+ 31. Kc1 Qe1+
32. Kb2 Qb4+ 33. Kc1 Qe1+ 34. Qd1 Qe3+ 35. Qd2 Qg1+ 36. Kb2 fxe6 37. c7 Qxc5 38.
Qc3+ Qxc3+ 39. Kxc3 Ke7 40. c8=Q Kd6 41. Qc4 Ke5 42. Qe2+ Kd5 43. Kd2 e5 44. Ke1
Kd4 45. Kf2 e4 46. Qe3+ Ke5 47. a4 Kf5 48. a5 Kg4 49. a6 Kh5 50. a7 Kg4 51. a8=Q
g5 52. Qaxe4+ Kh5 53. Qh3# 1-0

[Event "Titled Tue 17th Jun Late"]
[Site "chess.com INT"]
[Date "2025.06.17"]
[Round "3"]
[White "Mayans Calvo, Mariano"]
[Black "Mekhitarian, Krikor Sevag"]
[Result "0-1"]
[WhiteTitle "CM"]
[BlackTitle "GM"]
[WhiteElo "2101"]
[BlackElo "2564"]
[WhiteFideId "2251426"]
[BlackFideId "2107660"]
[EventDate "2025.06.17"]

1. e4 c5 2. Nf3 Nc6 3. b3 Nf6 4. e5 Nd5 5. Bb2 g6 6. c4 Nc7 7. Nc3 Bg7 8. Na4
Ne6 9. g3 Qc7 10. Qe2 b6 11. Bg2 Bb7 12. O-O O-O 13. Rfe1 d6 14. exd6 Qxd6 15.
Bxg7 Kxg7 16. Rad1 Rfe8 17. Nc3 Ncd4 18. Nxd4 Nxd4 19. Qe5+ Qxe5 20. Rxe5 Bxg2
21. Kxg2 Rad8 22. Ne2 Nc6 23. Re3 Rd7 24. d3 Red8 25. Nc1 e6 26. h4 h5 27. Kf1
Nd4 28. Ne2 Nc2 29. Rf3 Nb4 30. Nc1 Nc6 31. a3 f5 32. Re3 Kf6 33. Rde1 e5 34. f4
Re7 35. fxe5+ Rxe5 36. Kf2 Rde8 37. Rxe5 Nxe5 38. Kg2 Rd8 39. b4 Nxd3 40. Nxd3
Rxd3 41. bxc5 bxc5 42. Re8 Rc3 43. Ra8 Rxa3 44. Rc8 Ra5 45. Kf3 Ke5 46. Re8+ Kd4
47. Kf4 Kxc4 48. Kg5 Ra6 49. Rg8 Rb6 50. Rxg6 Rxg6+ 51. Kxg6 a5 52. Kxf5 a4 53.
g4 a3 0-1

[Event "Titled Tue 17th Jun Late"]
[Site "chess.com INT"]
[Date "2025.06.17"]
[Round "3"]
[White "Suleymanli, Suleyman"]
[Black "Swaminathan, Pranav"]
[Result "1-0"]
[WhiteTitle "FM"]
[WhiteElo "2308"]
[BlackElo "2113"]
[WhiteFideId "13416375"]
[BlackFideId "30970482"]
[EventDate "2025.06.17"]

1. Nf3 d5 2. g3 Nf6 3. Bg2 e6 4. O-O c5 5. c4 d4 6. d3 Nc6 7. e3 h6 8. exd4 cxd4
9. Na3 Bd6 10. Nc2 e5 11. Re1 O-O 12. b4 Nxb4 13. Nxb4 Bxb4 14. Rxe5 Qd6 15. Bf4
Bc3 16. Rb1 Qa3 17. Qb3 Qxb3 18. Rxb3 g5 19. Bd2 Nd7 20. Bxc3 Nxe5 21. Bxd4
Nxf3+ 22. Bxf3 Bf5 23. Bxb7 Rad8 24. Bd5 Rd7 25. Be3 Rfd8 26. Kf1 Kg7 27. Ke2
Bg6 28. Ra3 f5 29. Rxa7 Rxa7 30. Bxa7 Bf7 31. Bg2 f4 32. gxf4 gxf4 33. Be4 Bg6
34. Bd5 Bf7 35. Bd4+ Kg8 36. Bxf7+ Kxf7 37. Be5 Ra8 38. Bxf4 Rxa2+ 39. Ke3 h5
40. d4 Ke6 41. d5+ Kf5 42. Bg3 Rc2 43. Kd4 Rd2+ 44. Kc5 Kg4 45. h4 Kf5 46. Kc6
Kf6 47. d6 Ke6 48. c5 Rd3 49. Kc7 Ra3 50. c6 Ra7+ 51. Kb6 Rh7 52. d7 Ke7 53.
Bd6+ Kd8 54. Bc7+ Ke7 55. d8=Q+ 1-0

[Event "Titled Tue 17th Jun Late"]
[Site "chess.com INT"]
[Date "2025.06.17"]
[Round "3"]
[White "Araujo Filho, Luiz Antonio Coel"]
[Black "Danila, Tudor-Gabriel"]
[Result "1-0"]
[BlackTitle "CM"]
[WhiteElo "2077"]
[BlackElo "2178"]
[WhiteFideId "2130661"]
[BlackFideId "1274244"]
[EventDate "2025.06.17"]

1. d4 Nf6 2. Nf3 g6 3. c4 Bg7 4. Nc3 O-O 5. e4 d6 6. Be2 e5 7. dxe5 dxe5 8. O-O
c6 9. Qc2 Qc7 10. Rd1 Nbd7 11. b4 a5 12. b5 Re8 13. Rb1 Nc5 14. Be3 Nfd7 15. b6
Qb8 16. Na4 Nxa4 17. Qxa4 Nf8 18. c5 Bg4 19. Bc4 Ne6 20. Rd6 Bxf3 21. gxf3 Nf8
22. Qb3 Re7 23. Bg5 a4 24. Qd3 Re8 25. Rd1 Qc8 26. Kg2 h6 27. Be3 Re7 28. a3 Kh7
29. Qc2 Ne6 30. Bxe6 Rxe6 31. Rd7 Qe8 32. Rxb7 h5 33. Rdd7 Rf6 34. Bg5 Kg8 35.
Bxf6 Bxf6 36. Rxf7 Qe6 37. Rfc7 Rd8 38. Qxa4 h4 39. Qxc6 h3+ 40. Kg3 Bh4+ 41.
Kxh4 g5+ 42. Kg3 Qxc6 43. Rxc6 Rd3 44. Rg6+ Kf8 45. Rh6 Kg8 46. c6 Rxa3 47. c7
Rc3 48. Rb8+ Kg7 49. c8=Q Rxc8 50. Rxc8 Kxh6 51. Rc6+ Kh5 1-0

[Event "Titled Tue 17th Jun Late"]
[Site "chess.com INT"]
[Date "2025.06.17"]
[Round "3"]
[White "Brady, Tyson"]
[Black "Khanbutaev, Artemii"]
[Result "1-0"]
[WhiteTitle "CM"]
[WhiteElo "2170"]
[BlackElo "2139"]
[WhiteFideId "30970369"]
[BlackFideId "55747175"]
[EventDate "2025.06.17"]

1. Nf3 Nf6 2. g3 d5 3. Bg2 c5 4. O-O Nc6 5. c4 d4 6. d3 e5 7. b4 cxb4 8. a3 bxa3
9. Qa4 Bd7 10. Bxa3 g6 11. Nbd2 Bxa3 12. Qxa3 Qe7 13. Rfb1 Qxa3 14. Rxa3 Rb8 15.
c5 O-O 16. Nc4 e4 17. Nfe5 Be6 18. dxe4 Nxe5 19. Nxe5 Rfc8 20. Nd3 Nd7 21. Rc1
b6 22. c6 Nc5 23. e5 Nxd3 24. Rxd3 b5 25. Rxd4 Bc4 26. Bd5 a5 27. Bxc4 bxc4 28.
Rcxc4 a4 29. c7 Ra8 30. Rxa4 Rxa4 31. Rxa4 Rxc7 32. f4 Kf8 33. Kf2 Ke7 34. Ra6
Rc3 35. e3 Rc2+ 36. Kf3 Rxh2 37. g4 Rh3+ 38. Ke4 Kf8 39. f5 gxf5+ 40. gxf5 Rh4+
41. Kd5 Kg7 42. Ra7 Rh5 43. e4 Kg8 44. f6 h6 45. Ra8+ Kh7 46. Kd6 Rh4 47. e6
fxe6 48. f7 Rf4 49. f8=Q Rxf8 50. Rxf8 Kg7 51. Rf1 h5 52. Kxe6 Kg6 53. e5 Kg5
54. Kd6 Kg6 55. e6 h4 56. e7 h3 57. e8=Q+ Kg7 58. Qe6 h2 59. Rf7+ Kh8 60. Qe8# 1-0

[Event "Titled Tue 17th Jun Late"]
[Site "chess.com INT"]
[Date "2025.06.17"]
[Round "3"]
[White "Ivashentseva, Dominika"]
[Black "Zilberstein, Dmitry"]
[Result "0-1"]
[WhiteTitle "WCM"]
[BlackTitle "IM"]
[WhiteElo "1969"]
[BlackElo "2358"]
[WhiteFideId "34331050"]
[BlackFideId "2010739"]
[EventDate "2025.06.17"]

1. d4 d6 2. Nf3 Nf6 3. g3 g6 4. Bg2 Bg7 5. O-O O-O 6. c4 c6 7. Qc2 Bf5 8. Qb3
Qb6 9. Nc3 Ne4 10. Be3 Nxc3 11. bxc3 Qa6 12. Rfe1 Be6 13. Nd2 Nd7 14. d5 Bf5 15.
Bf4 Nc5 16. Qb4 Rfc8 17. e4 Nd3 18. Qb3 Nxe1 19. Rxe1 Bd7 20. e5 cxd5 21. cxd5
Ba4 22. Qb4 dxe5 23. Bxe5 Bxe5 24. Rxe5 Qd6 25. Qd4 Qc5 26. Qxa4 Qxc3 27. Qf4
Qc1+ 28. Bf1 Rc2 29. Rxe7 Rf8 30. Ne4 Qxf4 31. gxf4 Kg7 32. d6 Rd8 33. Ng5 Rxd6
34. Rxf7+ Kg8 35. Rxb7 Rd1 36. Kg2 Rdd2 37. Ne4 Rd4 38. Nf6+ Kf8 39. Bb5 Rxf4
40. Nxh7+ Kg8 41. Rxa7 Rcxf2+ 42. Kg3 R2f3+ 43. Kg2 Rf5 44. Bc4+ Kh8 45. h4 Rf2+
46. Kg3 R2f4 47. Kg2 Rxc4 48. Ng5 Rc2+ 49. Kg3 Rc3+ 50. Kg2 Rd5 51. Ra8+ Kg7 52.
Ra7+ Kf8 53. Ra8+ Ke7 54. Ra7+ Kd8 55. Ra8+ Kc7 56. Ra6 Rd2+ 57. Kf1 Rc1# 0-1

[Event "Titled Tue 17th Jun Late"]
[Site "chess.com INT"]
[Date "2025.06.17"]
[Round "3"]
[White "Novosel, Lovro"]
[Black "Rodrigues, Leonardo De Miranda"]
[Result "1-0"]
[WhiteTitle "FM"]
[WhiteElo "2338"]
[BlackElo "2111"]
[WhiteFideId "14547120"]
[BlackFideId "2108658"]
[EventDate "2025.06.17"]

1. Nf3 Nf6 2. g3 g6 3. Bg2 Bg7 4. O-O O-O 5. d3 d6 6. Nbd2 c5 7. e4 Nc6 8. Re1
Rb8 9. a4 a6 10. c3 b5 11. axb5 axb5 12. d4 b4 13. d5 bxc3 14. bxc3 Ne5 15. Nxe5
dxe5 16. Nc4 Ne8 17. Be3 Nd6 18. Na5 Qc7 19. Nc6 Rb5 20. Bf1 c4 21. Ra7 Bb7 22.
Qa4 Rb3 23. Bxc4 Rxc3 24. Ba6 Bxc6 25. Rxc7 Bxa4 26. Rxc3 f5 27. Rc7 Bf6 28. Ra1
Bc2 29. Rxc2 Nxe4 30. Bc8 f4 31. Be6+ Kg7 32. Bd2 Nxd2 33. Rxd2 e4 34. Re1 Bc3
35. Rde2 Bxe1 36. Rxe1 e3 37. fxe3 fxe3 38. Rxe3 Rb8 39. Kg2 h5 40. h4 Rb7 41.
Rf3 Kh6 42. Rf8 Kg7 43. Rf7+ Kh6 44. Kh3 g5 45. hxg5+ Kxg5 46. d6 Rb6 47. d7
Rxe6 48. d8=Q Re1 49. Rxe7 Rh1+ 50. Kg2 Rc1 51. Re5+ Kg6 52. Qg5+ Kf7 53. Re7+ 1-0

[Event "Titled Tue 17th Jun Late"]
[Site "chess.com INT"]
[Date "2025.06.17"]
[Round "3"]
[White "Chiu, Isaac"]
[Black "Perry, Patrick"]
[Result "1/2-1/2"]
[WhiteElo "2226"]
[BlackElo "2296"]
[WhiteFideId "30900654"]
[BlackFideId "30917727"]
[EventDate "2025.06.17"]

1. e4 Nf6 2. e5 Nd5 3. d4 d6 4. Nf3 Bg4 5. Be2 e6 6. O-O Be7 7. c4 Nb6 8. Nc3
O-O 9. h3 Bh5 10. Be3 N8d7 11. exd6 cxd6 12. b4 Bxf3 13. gxf3 Bf6 14. c5 dxc5
15. bxc5 Nd5 16. Nxd5 exd5 17. f4 Qc7 18. Bf3 Rfd8 19. Rb1 Nb8 20. Qb3 Nc6 21.
Rfd1 b6 22. cxb6 axb6 23. Qxb6 Qxb6 24. Rxb6 Ne7 25. Rb2 Ra4 26. Rdd2 g6 27. Bd1
Ra3 28. Bb3 Rc8 29. Rbc2 Rxc2 30. Rxc2 Nf5 31. Rc7 Bxd4 32. Bxd4 Nxd4 33. Bxd5
Ne6 34. Rc8+ Kg7 35. f5 gxf5 36. Bb3 Nd4 37. Bd5 Kf6 38. Rc7 Ne6 39. Bxe6 fxe6
40. Rxh7 Rxa2 41. Kg2 Ra3 42. Rh8 Kg7 43. Re8 Kf7 44. Rb8 Kg6 45. Rb6 Kf6 46. f3
f4 47. Rb2 Kf5 48. h4 e5 49. Rf2 Ra1 50. Kh2 Re1 51. Rg2 e4 52. fxe4+ Rxe4 53.
h5 Re6 54. Kg1 Rh6 55. Rh2 Kg4 56. Kf2 Rxh5 57. Rxh5 Kxh5 58. Kf3 Kg5 59. Kf2
Kf5 60. Kf3 Ke5 61. Kf2 Ke4 62. Ke2 Kf5 63. Kf3 Kg5 64. Kf2 Kg4 65. Kg2 f3+ 66.
Kf2 Kf4 67. Kf1 Ke4 68. Kf2 Kf4 69. Kf1 Ke3 70. Ke1 Ke4 71. Kf2 Kf4 1/2-1/2

[Event "Titled Tue 17th Jun Late"]
[Site "chess.com INT"]
[Date "2025.06.17"]
[Round "3"]
[White "Yang, Daniel"]
[Black "Castillo Pena, Patricia Evarista"]
[Result "1-0"]
[WhiteTitle "CM"]
[BlackTitle "WFM"]
[WhiteElo "2198"]
[BlackElo "1909"]
[WhiteFideId "30976340"]
[BlackFideId "6412106"]
[EventDate "2025.06.17"]

1. Nf3 Nf6 2. g3 d5 3. Bg2 c6 4. O-O e6 5. d3 Nbd7 6. Nbd2 Be7 7. e4 dxe4 8.
dxe4 O-O 9. Qe2 e5 10. Rd1 Qc7 11. b3 b5 12. Bb2 Bb7 13. c4 a6 14. Rac1 Qb8 15.
c5 Bxc5 16. Nxe5 Nxe5 17. Rxc5 Nfd7 18. Rcc1 c5 19. Nf3 Nxf3+ 20. Qxf3 Ne5 21.
Qf4 Ng6 22. Qxb8 Raxb8 23. Rxc5 Rbc8 24. Rdc1 Rxc5 25. Rxc5 Rd8 26. Rc7 Ba8 27.
h3 Rd1+ 28. Kh2 Rd8 29. Ra7 h5 30. Rxa6 h4 31. Rb6 hxg3+ 32. Kxg3 Kh7 33. Rxb5
Rd2 34. Bc1 Rxa2 35. Be3 Bc6 36. Rc5 Bd7 37. b4 Rb2 38. Rd5 Bc6 39. Rh5+ Kg8 40.
Bc5 Rb3+ 41. f3 f6 42. Rf5 Bxe4 43. Rh5 Ne5 44. Kh2 Nxf3+ 45. Bxf3 Bxf3 46. Rh4
Bd5 47. Rd4 Be6 48. h4 Rh3+ 49. Kg2 Rb3 50. Rd6 Kf7 51. Rb6 g5 52. h5 Rb2+ 53.
Bf2 Bd5+ 54. Kf1 Bc4+ 55. Kg1 Bd3 56. Rb7+ Ke6 57. h6 Rb1+ 58. Kh2 Be4 59. Rb6+
Kf5 60. Bd4 Kg4 61. Bg1 f5 62. h7 1-0

[Event "Titled Tue 17th Jun Late"]
[Site "chess.com INT"]
[Date "2025.06.17"]
[Round "3"]
[White "Naroditsky, Daniel"]
[Black "Graif, William"]
[Result "1/2-1/2"]
[WhiteTitle "GM"]
[BlackTitle "FM"]
[WhiteElo "2619"]
[BlackElo "2211"]
[WhiteFideId "2026961"]
[BlackFideId "2609835"]
[EventDate "2025.06.17"]

1. d4 Nf6 2. Nc3 e6 3. e4 d5 4. Bg5 h6 5. Bxf6 Qxf6 6. a3 dxe4 7. Nxe4 Qd8 8.
Nf3 Be7 9. Bd3 b6 10. Qe2 Bb7 11. O-O-O Nd7 12. Ne5 a6 13. Rhe1 Nxe5 14. dxe5
Qd5 15. f4 Qa5 16. Qf3 O-O-O 17. Kb1 Rd7 18. g4 Rhd8 19. Qg3 Rd4 20. Nd2 Bd5 21.
c4 Bb7 22. Nb3 Rxd3 23. Nxa5 Rxg3 24. Rxd8+ Bxd8 25. hxg3 bxa5 26. Re3 Be7 27.
Kc2 Bc6 28. Kc3 a4 29. Re1 Bc5 30. Re2 Bf3 31. Rh2 Bxg4 32. Kd3 Bf5+ 33. Ke2 Bd4
34. Kf3 Kd8 35. Rd2 c6 36. g4 c5 37. gxf5 exf5 38. Rh2 Ke7 39. Re2 g6 40. Rg2 h5
41. Ke2 Ke6 42. Kd3 h4 43. Rh2 h3 44. Rxh3 Bxb2 45. Ke2 Bc1 46. Kf3 Bxa3 47. Rh8
Bb4 48. Ra8 a5 49. Ra6+ Ke7 50. Ra7+ Ke6 51. Ra6+ Ke7 52. Ra7+ Kf8 53. Ra8+ Kg7
54. Ra7 Kg8 55. Ra8+ Kg7 56. Ra7 Kg8 57. Ra8+ Kg7 1/2-1/2

[Event "Titled Tue 17th Jun Late"]
[Site "chess.com INT"]
[Date "2025.06.17"]
[Round "3"]
[White "Maksimovic, Bojan"]
[Black "Ambartsumova, Karina"]
[Result "1-0"]
[WhiteTitle "IM"]
[BlackTitle "IM"]
[WhiteElo "2514"]
[BlackElo "2403"]
[WhiteFideId "14408120"]
[BlackFideId "4166299"]
[EventDate "2025.06.17"]

1. d4 Nf6 2. Bg5 Ne4 3. h4 g6 4. Nd2 Nxg5 5. hxg5 Bg7 6. e3 c5 7. c3 d5 8. f4
Nc6 9. Ngf3 Qb6 10. Qb3 Bf5 11. Be2 c4 12. Qxb6 axb6 13. a3 b5 14. Rc1 h5 15.
gxh6 Rxh6 16. Rxh6 Bxh6 17. Kf2 Bg7 18. Rg1 Nb8 19. g4 Bd7 20. Ne5 Bxe5 21. fxe5
Kf8 22. Bf3 Bc6 23. e4 e6 24. exd5 Bxd5 25. Rh1 Kg7 26. Ne4 Bxe4 27. Bxe4 Ra7
28. Ke3 Nd7 29. g5 Nb6 30. Kf4 Na4 31. Rh2 Nb6 32. Rd2 Nd5+ 33. Bxd5 exd5 34. e6
Ra6 35. Ke5 Rxe6+ 36. Kxd5 b6 37. a4 bxa4 38. Kxc4 Kf8 39. Kb5 Ke7 40. Kxa4 Kd6
41. Kb5 Kd7 42. Rf2 Ke7 43. c4 Re4 44. d5 Re5 45. Kxb6 Rxg5 46. Kc7 Rg4 47. d6+
Ke6 48. Re2+ Kf6 49. c5 Rd4 50. c6 g5 51. d7 g4 52. d8=Q+ Rxd8 53. Kxd8 Kg5 54.
c7 f5 55. c8=Q g3 56. Qc6 1-0

[Event "Titled Tue 17th Jun Late"]
[Site "chess.com INT"]
[Date "2025.06.17"]
[Round "3"]
[White "Matyakubov, Miraziz"]
[Black "Sarana, Alexey"]
[Result "0-1"]
[WhiteTitle "CM"]
[BlackTitle "GM"]
[WhiteElo "2278"]
[BlackElo "2686"]
[WhiteFideId "14215772"]
[BlackFideId "24133795"]
[EventDate "2025.06.17"]

1. e4 e5 2. Nf3 Nc6 3. Bb5 a6 4. Bxc6 dxc6 5. O-O Qf6 6. d4 exd4 7. Bg5 Qd6 8.
Nxd4 Be7 9. Bxe7 Nxe7 10. Ne2 Be6 11. Nbc3 O-O-O 12. Qxd6 cxd6 13. f4 f5 14. Nd4
Bd7 15. Rad1 Rhe8 16. Rfe1 Kc7 17. b4 fxe4 18. Rxe4 Nf5 19. Nf3 Ne3 20. Rd2 Rxe4
21. Nxe4 Bf5 22. Nd4 Bc8 23. Re2 Nf5 24. Nxf5 Bxf5 25. Ng5 Kd7 26. Kf2 Rf8 27.
g3 h6 28. Nf3 Be6 29. a3 g5 30. fxg5 Bd5 31. Re3 hxg5 32. g4 c5 33. bxc5 dxc5
34. Kg3 Bxf3 35. Rxf3 Rxf3+ 36. Kxf3 b5 37. Ke4 Ke6 38. h3 a5 39. c3 a4 40. Kd3
Kd5 41. c4+ bxc4+ 42. Kc3 Kd6 43. Kxc4 Kc6 44. Kc3 Kd5 45. Kd3 c4+ 46. Kc3 Kc5
47. Kc2 Kd4 48. Kd2 c3+ 49. Kc2 Kc4 50. Kc1 Kb3 51. Kb1 Kxa3 52. Kc2 Kb4 53. h4
a3 54. Kb1 Kb3 55. hxg5 a2+ 56. Kc1 a1=Q# 0-1

[Event "Titled Tue 17th Jun Late"]
[Site "chess.com INT"]
[Date "2025.06.17"]
[Round "3"]
[White "Onur, Cigdem"]
[Black "Fedunov, Danil"]
[Result "0-1"]
[WhiteTitle "WCM"]
[WhiteElo "1956"]
[BlackElo "1917"]
[WhiteFideId "6346030"]
[BlackFideId "2006413"]
[EventDate "2025.06.17"]

1. e4 e6 2. d4 d5 3. Nd2 c5 4. Ngf3 Nf6 5. e5 Nfd7 6. c3 Nc6 7. Bd3 Qb6 8. O-O
cxd4 9. cxd4 Nxd4 10. Nxd4 Qxd4 11. Nf3 Qb6 12. Qa4 Qb4 13. Qc2 Qc5 14. Qe2 Qb6
15. a3 Be7 16. b4 h6 17. Be3 Qd8 18. Rac1 a5 19. Rc2 axb4 20. axb4 Bxb4 21. Rfc1
O-O 22. g4 Be7 23. h4 Bxh4 24. Kg2 Bg5 25. Bxg5 hxg5 26. Rh1 f5 27. exf6 Nxf6
28. Nxg5 Ne4 29. Nxe4 dxe4 30. Qxe4 Qd5 31. Qxd5 exd5 32. Bh7+ Kf7 33. Rc7+ Kf6
34. g5+ Kxg5 35. Rxg7+ Kf4 36. Rh4+ Ke5 37. Re7+ Kd6 38. Re2 Bd7 39. Rh6+ Kc5
40. Rd2 Bc6 41. Rh5 Kb4 42. Rh4+ d4+ 43. Be4 Kc3 44. Bxc6 Kxd2 45. Bxb7 Ra7 46.
Rxd4+ Kc3 47. Rd7 Rg8+ 48. Kf3 Ra3 49. Ke4 Rf8 50. f4 Kb4 51. Rd4+ Kc5 52. Rd5+
Kb6 53. Rd7 Ra7 0-1

[Event "Titled Tue 17th Jun Late"]
[Site "chess.com INT"]
[Date "2025.06.17"]
[Round "3"]
[White "Tang, Andrew"]
[Black "Sindarov, Islombek"]
[Result "1/2-1/2"]
[WhiteTitle "GM"]
[BlackTitle "CM"]
[WhiteElo "2529"]
[BlackElo "2129"]
[WhiteFideId "2059630"]
[BlackFideId "14205475"]
[EventDate "2025.06.17"]

1. d4 Nf6 2. c4 g6 3. f3 Bg7 4. e4 d6 5. Nc3 O-O 6. Nge2 Nbd7 7. Bg5 e5 8. Qd2
exd4 9. Nxd4 Nc5 10. Be2 a5 11. O-O c6 12. Rad1 Qc7 13. Bh6 Rd8 14. Qe3 Qb6 15.
Bxg7 Kxg7 16. Rd2 Re8 17. Rfd1 Qc7 18. Ndb5 cxb5 19. Nxb5 Qe7 20. Nxd6 b6 21.
Nxe8+ Nxe8 22. e5 Be6 23. f4 h5 24. b3 Kh7 25. Bf3 Rc8 26. h3 Qh4 27. Rd6 Nxd6
28. Rxd6 Qg3 29. Rxb6 Bxh3 30. Qf2 Qxf2+ 31. Kxf2 Be6 32. Ke3 a4 33. Rb5 axb3
34. axb3 Kg7 35. Kd4 Nd7 36. c5 Nb8 37. b4 Nc6+ 38. Ke3 Ne7 39. Rb6 Nd5+ 40.
Bxd5 Bxd5 41. g4 hxg4 42. Rd6 Bh1 43. Kf2 Ra8 44. b5 Ra3 45. Rd1 g3+ 46. Kg1 Bf3
47. Rc1 Rb3 48. c6 Rxb5 49. c7 Bb7 50. c8=Q Bxc8 51. Rxc8 Rb4 52. Rc7 Rxf4 53.
e6 Kf8 54. exf7 Rxf7 55. Rc3 1/2-1/2

[Event "Titled Tue 17th Jun Late"]
[Site "chess.com INT"]
[Date "2025.06.17"]
[Round "3"]
[White "Stribuk, Artiom"]
[Black "Hungaski, Robert"]
[Result "1-0"]
[WhiteTitle "IM"]
[BlackTitle "GM"]
[WhiteElo "2460"]
[BlackElo "2477"]
[WhiteFideId "13515659"]
[BlackFideId "2021030"]
[EventDate "2025.06.17"]

1. g3 d5 2. Bg2 c6 3. Nf3 Nf6 4. c4 g6 5. b3 Bg7 6. Bb2 O-O 7. O-O a6 8. d3 b5
9. Nbd2 Bb7 10. e4 dxe4 11. dxe4 c5 12. e5 Nfd7 13. Qe2 Qb6 14. Rfe1 Nc6 15.
Rab1 Nd8 16. h4 Ne6 17. h5 Rfd8 18. Qe3 Ndf8 19. h6 Bh8 20. Ne4 Rd7 21. Nfg5
Rad8 22. b4 Rd3 23. bxc5 Qc7 24. Qe2 Nxg5 25. Nxg5 Rd2 26. Qg4 Bxg2 27. Kxg2
Qxc5 28. Qf3 Qxc4 29. e6 f6 30. Ne4 R2d3 31. Qe2 Qxe6 32. Kg1 Qf7 33. Nc5 Rd2
34. Qxe7 Qxe7 35. Rxe7 Rd1+ 36. Rxd1 Rxd1+ 37. Kg2 f5 38. Bxh8 Kxh8 39. Rf7 Kg8
40. Rg7+ Kh8 41. Ra7 Rd8 42. Nxa6 Rc8 43. Nc7 g5 44. Nd5 Rd8 45. Nf6 Rb8 46. Rf7
f4 47. gxf4 gxf4 48. Kf3 b4 49. Kxf4 Ne6+ 50. Kg3 Ng5 51. Rg7 Rb5 52. f4 1-0

[Event "Titled Tue 17th Jun Late"]
[Site "chess.com INT"]
[Date "2025.06.17"]
[Round "3"]
[White "Rasulov, Vugar"]
[Black "Antoniou, Rafail"]
[Result "1-0"]
[WhiteTitle "GM"]
[BlackTitle "CM"]
[WhiteElo "2483"]
[BlackElo "2134"]
[WhiteFideId "13402390"]
[BlackFideId "5904390"]
[EventDate "2025.06.17"]

1. d4 d5 2. Nf3 c6 3. c4 Nf6 4. Nc3 e6 5. g3 Be7 6. Bg2 O-O 7. O-O b6 8. b3 Ba6
9. Nd2 Nbd7 10. Bb2 Rc8 11. Rc1 b5 12. e4 b4 13. Ne2 dxe4 14. Nxe4 Nxe4 15. Bxe4
Nf6 16. Bg2 c5 17. Qc2 cxd4 18. Bxd4 Qc7 19. Qb2 Bb7 20. Rfd1 Bxg2 21. Kxg2 Qc6+
22. f3 a5 23. Bf2 Rfd8 24. Nd4 Qa8 25. Nb5 h6 26. h3 Nd7 27. Bd4 Bf6 28. Nd6 Rc6
29. Ne4 Bxd4 30. Qxd4 Rc7 31. Rd2 Rb8 32. Rcd1 Nf8 33. Qe5 Rbc8 34. h4 a4 35. h5
axb3 36. axb3 Ra7 37. g4 Ra3 38. g5 Ra5 39. c5 hxg5 40. Qxg5 Ra2 41. h6 Rxd2+
42. Rxd2 Ng6 43. hxg7 Kxg7 44. Qf6+ Kg8 45. Rd7 Rf8 46. Qd4 e5 47. Qxb4 Qa2+ 48.
Qd2 Qxb3 49. Qg5 Qa2+ 50. Rd2 Qe6 51. Rd6 Qa2+ 52. Kg3 Kg7 53. c6 Rh8 54. Rxg6+
fxg6 55. Qxe5+ Kh7 56. Ng5+ Kh6 57. Nf7+ 1-0

[Event "Titled Tue 17th Jun Late"]
[Site "chess.com INT"]
[Date "2025.06.17"]
[Round "3"]
[White "Colville, Julian"]
[Black "Wagner, Dennis"]
[Result "1/2-1/2"]
[WhiteTitle "FM"]
[BlackTitle "GM"]
[WhiteElo "2268"]
[BlackElo "2619"]
[WhiteFideId "30963273"]
[BlackFideId "24650684"]
[EventDate "2025.06.17"]

1. e4 c6 2. d4 d5 3. e5 c5 4. Nf3 cxd4 5. Nxd4 Nc6 6. c4 e6 7. Nc3 Bc5 8. Nxc6
bxc6 9. Qg4 Kf8 10. Bd2 Ne7 11. Na4 Bb6 12. Bb4 Ba5 13. cxd5 Rb8 14. Bc3 cxd5
15. Be2 Rxb2 16. O-O Bxc3 17. Nxc3 Qa5 18. Rfc1 Bd7 19. Qd4 Nc6 20. Qh4 Qb4 21.
Qg3 h5 22. Rab1 h4 23. Qh3 Nxe5 24. Qe3 Nc6 25. Rxb2 Qxb2 26. Qc5+ Kg8 27. Rb1
Qc2 28. Qd6 Qxc3 29. Qxd7 Ne5 30. Qxa7 Kh7 31. h3 Qc2 32. Re1 Qd2 33. Kf1 Rc8
34. Qa4 Rc1 35. Qxh4+ Kg6 36. Bh5+ Kf5 37. g4+ Kf4 38. g5+ Kf5 39. Bg4+ Nxg4 40.
hxg4+ Kf4 41. Qg3+ Kxg5 42. f4+ Kg6 43. f5+ exf5 44. gxf5+ Kxf5 45. Qe5+ Kg6 46.
Qg3+ Kh5 47. Qh3+ Kg5 48. Qg3+ Kh6 49. Qh4+ Kg6 50. Qg4+ Kh7 51. Qh4+ Kg8 52.
Qd8+ Kh7 53. Qh4+ Kg6 54. Qg4+ Kh7 55. Qh4+ 1/2-1/2

[Event "Titled Tue 17th Jun Late"]
[Site "chess.com INT"]
[Date "2025.06.17"]
[Round "3"]
[White "Rozman, Levy"]
[Black "Labussiere, Victor"]
[Result "0-1"]
[WhiteTitle "IM"]
[BlackTitle "FM"]
[WhiteElo "2324"]
[BlackElo "2312"]
[WhiteFideId "2039877"]
[BlackFideId "2183129"]
[EventDate "2025.06.17"]

1. d4 d5 2. Bg5 h6 3. Bh4 Nf6 4. Bxf6 exf6 5. e3 Bf5 6. g3 Be4 7. Nf3 c6 8. Bg2
Qb6 9. Qc1 Nd7 10. Nbd2 Bxf3 11. Bxf3 Qa6 12. Be2 Qa5 13. O-O Bb4 14. c3 Be7 15.
c4 dxc4 16. Nxc4 Qd8 17. Rd1 Nb6 18. Na5 Rb8 19. a3 h5 20. h4 f5 21. Qc2 g6 22.
b4 O-O 23. Rac1 a6 24. Bf3 Qd6 25. Kg2 Rfd8 26. Qb3 Bf6 27. Rc2 Kg7 28. Rdc1 Qe6
29. Qb1 Rdc8 30. Rd1 Rd8 31. Nb3 Qe7 32. Nc5 f4 33. exf4 Bxd4 34. Re2 Qf6 35.
Ne4 Qf5 36. Red2 Bf6 37. Qb3 Rxd2 38. Rxd2 Rd8 39. Re2 Nd5 40. Nc5 Qc8 41. f5 b6
42. Na4 Qxf5 43. Bxd5 cxd5 44. Nxb6 d4 45. Rd2 d3 46. Qc4 g5 47. hxg5 Bxg5 48.
f4 Bf6 49. Na4 h4 50. Nc5 Qg4 51. Rxd3 h3+ 52. Kh2 Qe2+ 53. Kxh3 Rh8# 0-1

[Event "Titled Tue 17th Jun Late"]
[Site "chess.com INT"]
[Date "2025.06.17"]
[Round "3"]
[White "Dogan, Umut Anil"]
[Black "Demchenko, Anton"]
[Result "0-1"]
[WhiteTitle "CM"]
[BlackTitle "GM"]
[WhiteElo "2060"]
[BlackElo "2619"]
[WhiteFideId "51618060"]
[BlackFideId "4160258"]
[EventDate "2025.06.17"]

1. d4 Nf6 2. Nf3 g6 3. b3 Bg7 4. Bb2 O-O 5. e3 b6 6. Bd3 Bb7 7. Nbd2 d6 8. O-O
c5 9. c4 cxd4 10. exd4 d5 11. Qe2 Nc6 12. Rad1 Re8 13. Rfe1 e6 14. Ne5 Rc8 15.
Ndf3 Nh5 16. Bc1 h6 17. Nxg6 fxg6 18. Bxg6 Nf6 19. Bxe8 Qxe8 20. Qxe6+ Qxe6 21.
Rxe6 dxc4 22. bxc4 Nd8 23. Re7 Bf8 24. Re3 Rxc4 25. Ne5 Rc2 26. Rg3+ Kh7 27. Ng6
Bg7 28. f3 Nh5 29. Rg4 Bc8 30. Ne7 Bxg4 31. fxg4 Nf6 32. g5 Ne4 33. gxh6 Bxd4+
34. Kf1 Rf2+ 35. Ke1 Bc3+ 36. Bd2 Rxd2 37. Rxd2 Bxd2+ 38. Ke2 Bxh6 39. Kd3 Nc5+
40. Kc4 Bf8 41. Nc8 Nc6 42. Kb5 Nd4+ 43. Kc4 Nce6 44. Nxa7 Bc5 45. a4 Kg6 46.
Nb5 Nxb5 47. Kxb5 Bg1 48. h3 Bf2 49. g4 Kg5 50. a5 Nc7+ 51. Kb4 b5 52. a6 Bb6
53. a7 Bxa7 54. Ka5 Bd4 55. Kb4 Bb6 56. Kb3 Bc5 57. Kc3 Kh4 0-1